Books on Japan and Asian countries in foreign languages published in Japan

Wedi'i Gadw mewn:
Manylion Llyfryddiaeth
Fformat: Llyfr
Iaith:Undetermined
Cyhoeddwyd: Tokyo Maruzen 1869
Pynciau:
Tagiau: Ychwanegu Tag
Dim Tagiau, Byddwch y cyntaf i dagio'r cofnod hwn!
Thư viện lưu trữ: Trung tâm Học liệu Trường Đại học Cần Thơ
LEADER 00534nam a2200169Ia 4500
001 CTU_104697
008 210402s9999 xx 000 0 und d
082 |a 016.952 
082 |b B724 
245 0 |a Books on Japan and Asian countries in foreign languages published in Japan 
260 |a Tokyo 
260 |b Maruzen 
260 |c 1869 
650 |a Catalogs, Publishers,Nhật Bản,Danh mục, Nhà xuất bản 
650 |x Thư mục,Danh mục 
650 |z Japan 
980 |a Trung tâm Học liệu Trường Đại học Cần Thơ